[Event "CZE-chT1W 2223"]
[Site "Czech Republic"]
[Date "2023.02.12"]
[Round "8.4"]
[White "Neckar, Lubomir"]
[Black "Karas, Marek"]
[Result "1/2-1/2"]
[WhiteElo "2241"]
[BlackElo "2243"]
[PlyCount "46"]
[EventDate "2022.10.09"]
[EventType "team-tourn"]
[EventRounds "11"]
[EventCountry "CZE"]
[SourceTitle "CBM 213 Extra"]
[Source "ChessBase"]
[SourceDate "2023.05.31"]
[SourceVersion "1"]
[SourceVersionDate "2023.05.31"]
[SourceQuality "1"]
[WhiteTeam "Lysa nad Labem II"]
[BlackTeam "Ricany Betsys"]
[WhiteTeamCountry "CZE"]
[BlackTeamCountry "CZE"]

1. Nf3 Nf6 2. g3 b6 3. Bg2 Bb7 4. c4 e6 5. 0-0 Be7 6. d4 0-0 7. Nc3 Ne4 8. Qc2 Nxc3 9. Qxc3 Be4 10. Rd1 Bf6 11. Bf4 d6 12. Qe3 Bb7 13. Bg5 Nd7 14. Bxf6 Nxf6 15. Rac1 Re8 16. c5 Bd5 17. Qa3 bxc5 18. dxc5 Bxf3 19. Bxf3 d5 20. b4 c6 21. Qa6 Qc8 22. Qa5 Qd8 23. Qa6 Qc8 1/2-1/2

[Event "CZE-chT1W 2223"]
[Site "Czech Republic"]
[Date "2023.01.29"]
[Round "7.3"]
[White "Vitak, Jiri"]
[Black "Neckar, Lubomir"]
[Result "1/2-1/2"]
[WhiteElo "2215"]
[BlackElo "2241"]
[PlyCount "91"]
[EventDate "2022.10.09"]
[EventType "team-tourn"]
[EventRounds "11"]
[EventCountry "CZE"]
[SourceTitle "CBM 213 Extra"]
[Source "ChessBase"]
[SourceDate "2023.05.31"]
[SourceVersion "1"]
[SourceVersionDate "2023.05.31"]
[SourceQuality "1"]
[WhiteTeam "Litomerice Slavoj"]
[BlackTeam "Lysa nad Labem II"]
[WhiteTeamCountry "CZE"]
[BlackTeamCountry "CZE"]

1. d4 Nf6 2. c4 e6 3. g3 d5 4. Nf3 dxc4 5. Bg2 a6 6. Ne5 Bb4+ 7. Nc3 Nd5 8. Bd2 b5 9. 0-0 Bxc3 10. bxc3 Bb7 11. e4 Nf6 12. Re1 0-0 13. Bg5 h6 14. Bxf6 Qxf6 15. Nxc4 Nc6 16. Rb1 Rab8 17. Ne3 Rfd8 18. Qe2 Qe7 19. a4 Na7 20. axb5 Nxb5 21. Rbc1 Bc6 22. d5 Be8 23. e5 exd5 24. Nxd5 Qc5 25. c4 Nd4 26. Qg4 c6 27. Nf6+ Kh8 28. Nh5 Ne6 29. Qf5 Nd4 30. Qg4 Ne6 31. Be4 Qxe5 32. Bf5 Qd4 33. Bxe6 fxe6 34. Nf4 e5 35. Rcd1 Qa7 36. Rxd8 Rxd8 37. Rxe5 Bf7 38. Ng6+ Bxg6 39. Qxg6 Qd7 40. Re6 Rf8 41. Qe4 Qd2 42. f4 Rb8 43. Re8+ Rxe8 44. Qxe8+ Kh7 45. Qe4+ Kh8 46. Qe8+ 1/2-1/2

[Event "CZE-chT2C 2223"]
[Site "Czech Republic"]
[Date "2022.11.06"]
[Round "2.3"]
[White "Neckar, Lubomir"]
[Black "Sykora, Marek1111"]
[Result "1/2-1/2"]
[WhiteElo "2241"]
[BlackElo "2246"]
[PlyCount "41"]
[EventDate "2022.10.16"]
[EventType "team-tourn"]
[EventRounds "11"]
[EventCountry "CZE"]
[SourceTitle "EXT 2024"]
[Source "ChessBase"]
[SourceDate "2023.10.10"]
[SourceVersion "1"]
[SourceVersionDate "2023.10.10"]
[SourceQuality "1"]
[WhiteTeam "Lysa nad Labem"]
[BlackTeam "Turnov Zikuda II"]
[WhiteTeamCountry "CZE"]
[BlackTeamCountry "CZE"]

1. Nf3 d5 2. g3 Nf6 3. Bg2 c6 4. 0-0 Bf5 5. c4 e6 6. cxd5 exd5 7. d3 Be7 8. Qb3 Qb6 9. Qc2 Nbd7 10. Nc3 h6 11. e4 dxe4 12. dxe4 Bh7 13. Be3 Qc7 14. Nd4 0-0 15. f3 a6 16. Nb3 c5 17. Rad1 c4 18. Nc1 b5 19. Kh1 Rfd8 20. a3 Nc5 21. Rxd8+ 1/2-1/2

[Event "CZE-chT1W 1920"]
[Site "Czech Republic"]
[Date "2019.11.24"]
[Round "3.1"]
[White "Pychova, Nela"]
[Black "Neckar, Lubomir"]
[Result "0-1"]
[WhiteElo "2178"]
[BlackElo "2261"]
[PlyCount "100"]
[EventDate "2019.10.20"]
[EventType "team-tourn"]
[EventRounds "11"]
[EventCountry "CZE"]
[SourceTitle "CBM 193 Extra"]
[Source "ChessBase"]
[SourceDate "2020.01.31"]
[SourceVersion "1"]
[SourceVersionDate "2020.01.31"]
[SourceQuality "1"]
[WhiteTeam "Vlasim Spartak"]
[BlackTeam "Lysa nad Labem III"]
[WhiteTeamCountry "CZE"]
[BlackTeamCountry "CZE"]

1. Nf3 d5 2. g3 Nf6 3. Bg2 e6 4. 0-0 Be7 5. d3 c5 6. Nbd2 Nc6 7. e4 Qc7 8. Re1 b6 9. e5 Nd7 10. Qe2 Bb7 11. c3 g5 12. h3 h5 13. Nf1 g4 14. hxg4 hxg4 15. N3h2 Ndxe5 16. Nxg4 Nxg4 17. Qxg4 0-0-0 18. Bf4 Bd6 19. Bxd6 Qxd6 20. a4 Kb8 21. Qe2 Rh6 22. Nh2 Rdh8 23. Ng4 Rh5 24. Nf6 Rf5 25. Ng4 Qe7 26. Ne3 Rfh5 27. Nc2 d4 28. f3 Qg5 29. g4 Rh2 30. Qf2 Ka8 31. Qg3 Qh6 32. Kf2 Qd2+ 33. Re2 Qxd3 34. Ne1 Qc4 35. Rc1 Qxa4 36. Nd3 c4 37. Nf4 d3 38. Rd2 Qb5 39. Nh5 Qc5+ 40. Kf1 Qe3 41. Rcd1 Rxg2 42. Kxg2 Ne5 43. Rf2 Nxf3 44. Rdf1 Nd2+ 45. Kh3 Nxf1 46. Rxf1 Qxg3+ 47. Kxg3 f5 48. Ng7 Rg8 49. Nxe6 Rxg4+ 50. Kf2 Rg2+ 0-1

[Event "Schwarzach op 34th"]
[Site "Schwarzach"]
[Date "2019.07.14"]
[Round "2"]
[White "Neckar, Lubomir"]
[Black "Brkic, Ante"]
[Result "0-1"]
[WhiteElo "2285"]
[BlackElo "2573"]
[PlyCount "44"]
[EventDate "2019.07.13"]
[EventType "swiss"]
[EventRounds "9"]
[EventCountry "AUT"]
[SourceTitle "EXT 2020"]
[Source "ChessBase"]
[SourceDate "2019.10.17"]
[SourceVersion "1"]
[SourceVersionDate "2019.10.17"]
[SourceQuality "1"]

1. Nf3 d5 2. g3 g6 3. d4 Nf6 4. c4 dxc4 5. Qa4+ Nfd7 6. Qxc4 Bg7 7. Bg2 Nc6 8. e3 e5 9. 0-0 0-0 10. Nxe5 Ndxe5 11. dxe5 Nxe5 12. Qb3 c6 13. Nc3 Qe7 14. f4 Nd3 15. Nd5 cxd5 16. Qxd3 Rd8 17. Qb3 Be6 18. Bd2 Rd7 19. Rab1 d4 20. Qa3 dxe3 21. Bxe3 Bxa2 22. Rbe1 Bc4 0-1

[Event "Prague Zita Memorial"]
[Site "Prague"]
[Date "2019.06.23"]
[Round "2"]
[White "Frolov, Artur"]
[Black "Neckar, Lubomir"]
[Result "1-0"]
[WhiteElo "2453"]
[BlackElo "2285"]
[PlyCount "63"]
[EventDate "2019.06.22"]
[EventType "tourn"]
[EventRounds "9"]
[EventCountry "CZE"]
[SourceTitle "CBM 191 Extra"]
[Source "ChessBase"]
[SourceDate "2019.09.30"]
[SourceVersion "1"]
[SourceVersionDate "2019.09.30"]
[SourceQuality "1"]

1. e4 Nf6 2. e5 Nd5 3. d4 d6 4. Nf3 dxe5 5. Nxe5 c6 6. Nd2 g6 7. Ndc4 Bg7 8. Be2 0-0 9. 0-0 Qc7 10. Bf3 Rd8 11. Qe2 Be6 12. Rd1 Nd7 13. Nxd7 Rxd7 14. Ne5 Rdd8 15. c4 Nb6 16. b3 Rxd4 17. Rxd4 Bxe5 18. Bb2 Bxd4 19. Bxd4 Rd8 20. Bc5 Nc8 21. h4 b6 22. Bb4 c5 23. Bc3 Qf4 24. g3 Qf5 25. Re1 h5 26. Be4 Qg4 27. Qe3 Kh7 28. Bd2 Bf5 29. Qh6+ Kg8 30. Bc3 f6 31. Bxf6 exf6 32. Bd5+ 1-0

[Event "CZE-chT1W 1819"]
[Site "Czech Republic"]
[Date "2019.03.24"]
[Round "10.4"]
[White "Hollan, Martin"]
[Black "Neckar, Lubomir"]
[Result "1-0"]
[WhiteElo "2325"]
[BlackElo "2281"]
[PlyCount "71"]
[EventDate "2018.10.21"]
[EventType "team-tourn"]
[EventRounds "11"]
[EventCountry "CZE"]
[SourceTitle "CBM 189 Extra"]
[Source "ChessBase"]
[SourceDate "2019.06.03"]
[SourceVersion "1"]
[SourceVersionDate "2019.06.03"]
[SourceQuality "1"]
[WhiteTeam "Praha Oaza"]
[BlackTeam "Lysa nad Labem III"]
[WhiteTeamCountry "CZE"]
[BlackTeamCountry "CZE"]

1. c4 e6 2. Nc3 d5 3. d4 Be7 4. Bf4 Nf6 5. e3 0-0 6. Nf3 Nbd7 7. c5 Nh5 8. Bg3 Nxg3 9. hxg3 f5 10. Bd3 g6 11. 0-0 c6 12. b4 Bf6 13. Rc1 e5 14. dxe5 Nxe5 15. Nxe5 Bxe5 16. Ne2 Qf6 17. b5 Bd7 18. Qa4 Rfb8 19. Rb1 b6 20. bxc6 Bxc6 21. Bb5 Bxb5 22. Qxb5 Qe6 23. Nd4 Bxd4 24. exd4 Qe4 25. c6 Rc8 26. Rbc1 Rc7 27. Rfe1 Qxd4 28. Red1 Qf6 29. Qxd5+ Qf7 30. Qd6 Rac8 31. a4 Qe7 32. Qd4 Qf7 33. Re1 Qg7 34. Re5 Qf6 35. Re8+ Kg7 36. Rxc8 1-0

[Event "CZE-chT2C 1819"]
[Site "Czech Republic"]
[Date "2018.11.04"]
[Round "2.2"]
[White "Balacek, Tadeas"]
[Black "Neckar, Lubomir"]
[Result "1/2-1/2"]
[WhiteElo "2319"]
[BlackElo "2281"]
[PlyCount "49"]
[EventDate "2018.10.14"]
[EventType "team-tourn"]
[EventRounds "11"]
[EventCountry "CZE"]
[SourceTitle "EXT 2022"]
[Source "ChessBase"]
[SourceDate "2021.10.06"]
[SourceVersion "1"]
[SourceVersionDate "2021.10.06"]
[SourceQuality "1"]
[WhiteTeam "Lysa nad Labem III"]
[BlackTeam "Lysa nad Labem IV"]
[WhiteTeamCountry "CZE"]
[BlackTeamCountry "CZE"]

1. Nf3 Nf6 2. d4 e6 3. c4 c5 4. e3 cxd4 5. exd4 d5 6. Nc3 Be7 7. cxd5 exd5 8. Bd3 Nc6 9. h3 0-0 10. 0-0 Ne8 11. Re1 Be6 12. Bc2 Nd6 13. Ne5 Nxe5 14. dxe5 Nc4 15. b3 Na3 16. Ne2 Nxc2 17. Qxc2 Rc8 18. Qd3 Qd7 19. Nd4 Bc5 20. Be3 a6 21. Rac1 Bxd4 22. Bxd4 Rxc1 23. Rxc1 Rc8 24. Rxc8+ Qxc8 25. Qc3 1/2-1/2

[Event "Marianske Lazne op 17th"]
[Site "Marianske Lazne"]
[Date "2018.01.24"]
[Round "6"]
[White "Baum, Jonasz"]
[Black "Neckar, Lubomir"]
[Result "1-0"]
[WhiteElo "2064"]
[BlackElo "2293"]
[PlyCount "83"]
[EventDate "2018.01.20"]
[EventType "swiss"]
[EventRounds "9"]
[EventCountry "CZE"]
[SourceTitle "CBM 182 Extra"]
[Source "ChessBase"]
[SourceDate "2018.02.23"]
[SourceVersion "1"]
[SourceVersionDate "2018.02.23"]
[SourceQuality "1"]

1. e4 Nf6 2. e5 Nd5 3. d4 d6 4. c4 Nb6 5. exd6 cxd6 6. Nc3 g6 7. Be3 Bg7 8. Rc1 0-0 9. Nf3 Bg4 10. Be2 Nc6 11. b3 d5 12. c5 Nc8 13. 0-0 e6 14. Ne1 Bxe2 15. Nxe2 N8e7 16. Nc2 Nf5 17. b4 a6 18. a4 Nxe3 19. fxe3 Qg5 20. Qd3 e5 21. b5 axb5 22. axb5 Ne7 23. dxe5 Qxe5 24. Ncd4 Bh6 25. Nf4 Ra2 26. c6 bxc6 27. Nxc6 Nxc6 28. bxc6 Qb2 29. Qxd5 Qa3 30. Qc5 Qb2 31. c7 Bxf4 32. Qxf8+ Kxf8 33. c8Q+ Ke7 34. Rc7+ Bxc7 35. Qxc7+ Ke6 36. Qxf7+ Ke5 37. Qe7+ Kd5 38. Rd1+ Kc4 39. Qc7+ Kb3 40. Rd3+ Kb4 41. Rd4+ Kb5 42. Rd5+ 1-0